La virgen desde sus orígenes al renacimiento
Saved in:
| Main Author: | |
|---|---|
| Format: | Book |
| Language: | Spanish |
| Published: |
Roma
Sociedad Editora de Arte Ilustrada
1924
|
| Series: | Colección Iconográfica. Serie Arte religioso
|
| Subjects: | |
| Tags: |
Add Tag
No Tags, Be the first to tag this record!
|
MARC
| LEADER | 00000nam a2200000 a 4500 | ||
|---|---|---|---|
| 001 | UCZ2417 | ||
| 003 | CL-VaPUC | ||
| 008 | 951005e19240000IT |||||||||||||||||spa|d | ||
| 082 | 0 | 4 | |a 704.948 |b NIC |2 21 |
| 100 | |a Nicodemi, Jorge |e autor |9 346175 | ||
| 245 | 1 | 3 | |a La virgen desde sus orígenes al renacimiento |
| 300 | |a 16 p | ||
| 942 | |c BK | ||
| 945 | |d 19951005 00:00:00 |a rbrito | ||
| 260 | |a Roma |b Sociedad Editora de Arte Ilustrada |c 1924 | ||
| 600 | 0 | |a Virgen María |9 314204 | |
| 650 | 0 | |a Arte religioso |9 330545 | |
| 650 | 7 | |a PINTURA RELIGIOSA |2 CL-VaPUC |9 340359 | |
| 650 | 7 | |a ESCULTURA RELIGIOSA |2 CL-VaPUC |9 346176 | |
| 650 | 0 | |a Renacimiento |9 255107 | |
| 583 | |a last modification |c 19951005 00:00:00 |k Rodrigo Vera | ||
| 490 | 0 | |a Colección Iconográfica. Serie Arte religioso | |
| 999 | |c 239021 |d 239019 | ||
| 952 | |0 0 |1 0 |4 0 |6 704_948000000000000_NIC_1924 |7 0 |8 A |9 249802 |a BIBART |b BIBART |d 2019-11-18 |i 3139522 |l 1 |o 704.948 NIC 1924 |p 3139522 |r 2025-03-13 |s 2024-06-05 |w 2019-11-18 |y BK |k ART | ||